00301nam a2200097Ia 4500082002000000245005800020100005800078942000700136008004100143999001900184 a305.800689 ZITH 0aXenophobia in South Africa - pre- and post-Apartheid  a ZITHA Elias Velaphi White River, 2010 923777 cBK210817s9999 xx 000 0 und d c370501d370500